[Event "SN-2011-0-00381"]
[Site "LSS email"]
[Date "2011.09.20"]
[Round "?"]
[White "Borgen, Rune"]
[Black "Lonyuk, Bohdan"]
[Result "0-1"]
[WhiteElo "799"]
[BlackElo "1033"]
[PlyCount "36"]
[EventDate "2011.08.29"]
[EventType "tourn (corr)"]
[EventRounds "6"]
[EventCountry "GER"]
[SourceTitle "Telechess CBM 157"]
[Source "ChessBase"]
[SourceDate "2013.11.12"]
[SourceVersion "1"]
[SourceVersionDate "2013.11.12"]
[SourceQuality "1"]

1. e4 c5 2. Bc4 e6 3. Qf3 a6 4. a3 b5 5. Ba2 Bb7 6. d3 Nf6 7. Be3 Nc6 8. c3 Ne5 9. Qd1 c4 10. dxc4 Nxe4 11. cxb5 axb5 12. Nh3 Nxc3 13. Nxc3 Bxg2 14. Rg1 Bxh3 15. Nxb5 Qa5+ 16. Nc3 Bxa3 17. Bb3 Qb4 18. Bd4 Bg4 0-1

[Event "SN-2011-0-00381"]
[Site "LSS email"]
[Date "2011.09.20"]
[Round "?"]
[White "De Booy, Marco"]
[Black "Borgen, Rune"]
[Result "1-0"]
[WhiteElo "1030"]
[BlackElo "799"]
[PlyCount "47"]
[EventDate "2011.08.29"]
[EventType "tourn (corr)"]
[EventRounds "6"]
[EventCountry "GER"]
[SourceTitle "Telechess CBM 157"]
[Source "ChessBase"]
[SourceDate "2013.11.12"]
[SourceVersion "1"]
[SourceVersionDate "2013.11.12"]
[SourceQuality "1"]

1. e4 e5 2. Nf3 Nc6 3. Bb5 a6 4. Ba4 b5 5. Bb3 Nf6 6. 0-0 Nxe4 7. Re1 d5 8. d3 Nf6 9. Nxe5 Nxe5 10. Rxe5+ Be7 11. Bg5 0-0 12. Nc3 c6 13. a3 h6 14. Bh4 Qd6 15. Bg3 Qc5 16. d4 Qa7 17. Ne2 Be6 18. c3 c5 19. dxc5 Qxc5 20. Nd4 Ng4 21. Nxe6 fxe6 22. Qxg4 Bd6 23. Qxe6+ Kh8 24. Rxd5 1-0

[Event "SN-2011-0-00339"]
[Site "LSS email"]
[Date "2011.05.07"]
[Round "?"]
[White "Mori, Roberto"]
[Black "Borgen, Rune"]
[Result "0-1"]
[WhiteElo "616"]
[BlackElo "813"]
[PlyCount "70"]
[EventDate "2011.04.25"]
[EventType "tourn (corr)"]
[EventRounds "6"]
[EventCountry "GER"]
[SourceTitle "Telechess CBM 149"]
[Source "ChessBase"]
[SourceDate "2012.07.17"]
[SourceVersion "1"]
[SourceVersionDate "2012.07.17"]
[SourceQuality "1"]

1. e4 e5 2. Nf3 Nc6 3. d4 d6 4. Bb5 Bd7 5. h3 a6 6. Ba4 b5 7. Bb3 Nf6 8. Bg5 Be7 9. dxe5 dxe5 10. 0-0 Nxe4 11. Bxe7 Qxe7 12. Nbd2 Nc5 13. Bd5 0-0 14. a3 Rad8 15. Re1 Qd6 16. Be4 g6 17. Ng5 f6 18. Ngf3 Be6 19. Qe2 Nd4 20. Nxd4 Qxd4 21. b4 Nxe4 22. Nxe4 Bc4 23. Qg4 f5 24. Nf6+ Rxf6 25. Qf3 e4 26. Qf4 c6 27. Rac1 Qc3 28. Re3 Qb2 29. Rg3 Rfd6 30. Re1 Qxc2 31. Qxf5 Rf8 32. Qxe4 Qxf2+ 33. Kh2 Re6 34. Qb1 Rxe1 35. Rxg6+ Kf7 0-1

[Event "RN-2011-0-00349"]
[Site "LSS email"]
[Date "2011.02.06"]
[Round "?"]
[White "Wallerstorfer, Josef"]
[Black "Borgen, Rune"]
[Result "1-0"]
[WhiteElo "767"]
[BlackElo "701"]
[PlyCount "55"]
[EventDate "2011.01.20"]
[EventType "tourn (corr)"]
[EventRounds "6"]
[EventCountry "GER"]
[SourceTitle "Telechess CBM 145"]
[Source "Chessbase"]
[SourceDate "2011.11.11"]
[SourceVersion "1"]
[SourceVersionDate "2011.11.11"]
[SourceQuality "1"]

1. e4 e5 2. Nf3 d6 3. h3 Nf6 4. Nc3 Nc6 5. Bc4 Be6 6. Bxe6 fxe6 7. 0-0 d5 8. exd5 exd5 9. Re1 Bd6 10. Nb5 a6 11. Nxd6+ Qxd6 12. d3 0-0-0 13. Bg5 h6 14. Bh4 Rde8 15. Bg3 Qb4 16. Rb1 e4 17. dxe4 dxe4 18. Nh4 g5 19. Nf5 Rd8 20. Qe2 Qc5 21. Ne3 Nd4 22. Qf1 Nxc2 23. Rec1 Rd2 24. Nxc2 Rxc2 25. Rxc2 Qxc2 26. Rc1 Qd2 27. Bxc7 Kd7 28. Rd1 1-0

[Event "LSS RN-2010-0-00341"]
[Site "LSS email"]
[Date "2011.01.01"]
[Round "?"]
[White "Borgen, Rune"]
[Black "Wallerstorfer, Josef"]
[Result "0-1"]
[WhiteElo "726"]
[BlackElo "818"]
[PlyCount "62"]
[EventDate "2010.12.10"]
[EventType "tourn (corr)"]
[EventRounds "6"]
[EventCountry "GER"]
[SourceTitle "Telechess CBM 145"]
[Source "Chessbase"]
[SourceDate "2011.11.11"]
[SourceVersion "1"]
[SourceVersionDate "2011.11.11"]
[SourceQuality "1"]

1. e4 e5 2. Nf3 d6 3. Bc4 h6 4. d4 exd4 5. Nxd4 Nf6 6. Bd3 Be7 7. Nc3 0-0 8. 0-0 Nbd7 9. Be3 Nc5 10. h3 a6 11. b4 Nxd3 12. cxd3 c5 13. bxc5 dxc5 14. Nf3 b6 15. Ne5 Bb7 16. Rb1 b5 17. a3 Bd6 18. d4 cxd4 19. Qxd4 Re8 20. Nf3 Bxa3 21. Rfd1 Qxd4 22. Bxd4 Nxe4 23. Rd3 Bf8 24. Re3 Nxc3 25. Bxc3 Rxe3 26. fxe3 Be4 27. Rf1 b4 28. Bd4 a5 29. Ne5 a4 30. Rxf7 a3 31. Rb7 Bxb7 0-1

[Event "SN-2010-0-00284"]
[Site "LSS email"]
[Date "2010.10.31"]
[Round "?"]
[White "Borgen, Rune"]
[Black "Fuller, Christopher"]
[Result "0-1"]
[WhiteElo "793"]
[BlackElo "922"]
[PlyCount "70"]
[EventDate "2010.10.13"]
[EventType "tourn (corr)"]
[EventRounds "6"]
[EventCountry "GER"]
[SourceTitle "Telechess CBM 143"]
[Source "ChessBase"]
[SourceDate "2011.07.15"]
[SourceVersion "1"]
[SourceVersionDate "2011.07.15"]
[SourceQuality "1"]

1. d4 d5 2. Nc3 Nc6 3. e3 Nf6 4. Bd3 Be6 5. Nf3 Nb4 6. 0-0 Qd7 7. Ne5 Qd8 8. a3 Nxd3 9. Qxd3 a6 10. Re1 Qd6 11. e4 dxe4 12. Nxe4 Nxe4 13. Qxe4 0-0-0 14. c3 Qd5 15. Qf4 f6 16. Nd3 Kb8 17. Nc5 Bc8 18. Be3 e5 19. dxe5 Bxc5 20. c4 Bxe3 21. fxe3 Qxe5 22. Qf2 Rhe8 23. h3 g5 24. e4 Rd4 25. Qc2 Qf4 26. Rf1 Qe5 27. c5 Qxe4 28. Qc3 Rc4 29. Qxf6 Rxc5 30. Rae1 Qxe1 31. Rxe1 Rxe1+ 32. Kh2 Re2 33. b4 Rf5 34. Qd4 Rf3 35. Qg7 Rxh3+ 0-1

[Event "CP-2010-P-00043"]
[Site "LSS email"]
[Date "2010.09.28"]
[Round "?"]
[White "Borgen, Rune"]
[Black "Tyutyunnik, Roman"]
[Result "0-1"]
[WhiteElo "811"]
[BlackElo "1847"]
[PlyCount "38"]
[EventDate "2010.10.01"]
[EventType "tourn (corr)"]
[EventRounds "6"]
[EventCountry "GER"]
[SourceTitle "Telechess CBM 143"]
[Source "ChessBase"]
[SourceDate "2011.07.15"]
[SourceVersion "1"]
[SourceVersionDate "2011.07.15"]
[SourceQuality "1"]

1. e4 c5 2. Nf3 Nc6 3. d3 g6 4. g3 Bg7 5. Bg2 e5 6. 0-0 Nge7 7. Be3 d6 8. Nfd2 0-0 9. Nc3 f5 10. exf5 Nxf5 11. Nd5 Be6 12. c4 Ncd4 13. Ne4 Bxd5 14. cxd5 a5 15. a4 Bh6 16. Bh3 Bxe3 17. fxe3 Nxe3 18. Rxf8+ Qxf8 19. Qb1 Ne2+ 0-1

[Event "LSS RN-2010-0-00313"]
[Site "LSS email"]
[Date "2010.09.02"]
[Round "?"]
[White "Tassinati, Mirco"]
[Black "Borgen, Rune"]
[Result "0-1"]
[WhiteElo "468"]
[BlackElo "852"]
[PlyCount "60"]
[EventDate "2010.08.16"]
[EventType "tourn (corr)"]
[EventRounds "6"]
[EventCountry "GER"]
[SourceTitle "Telechess CBM 143"]
[Source "ChessBase"]
[SourceDate "2011.07.15"]
[SourceVersion "1"]
[SourceVersionDate "2011.07.15"]
[SourceQuality "1"]

1. e4 e5 2. Nf3 Nc6 3. Nc3 Bc5 4. Bc4 d6 5. 0-0 Be6 6. d3 Nf6 7. Bxe6 fxe6 8. Be3 b6 9. Bxc5 bxc5 10. Re1 0-0 11. Qd2 d5 12. exd5 exd5 13. Nxe5 Nxe5 14. Rxe5 Ng4 15. Rf1 Nxe5 16. Re1 Ng4 17. h3 Nf6 18. Ne2 Re8 19. g4 Qd6 20. d4 Ne4 21. Qe3 c4 22. c3 Rab8 23. f3 Ng3 24. Qf2 Nxe2+ 25. Rxe2 Rxe2 26. Qxe2 Qg3+ 27. Kf1 Qxh3+ 28. Kg1 Qh6 29. Qf2 Qc1+ 30. Kg2 Rxb2 0-1

[Event "ZN-2010-0-01140"]
[Site "LSS email"]
[Date "2010.08.29"]
[Round "?"]
[White "Lauer, Fredric"]
[Black "Borgen, Rune"]
[Result "1-0"]
[WhiteElo "958"]
[BlackElo "850"]
[PlyCount "35"]
[EventDate "2010.08.26"]
[EventType "match (corr)"]
[EventRounds "2"]
[EventCountry "GER"]
[SourceTitle "Telechess CBM 143"]
[Source "ChessBase"]
[SourceDate "2011.07.15"]
[SourceVersion "1"]
[SourceVersionDate "2011.07.15"]
[SourceQuality "1"]

1. e4 e5 2. Nc3 Nf6 3. Nf3 Nc6 4. d4 d6 5. dxe5 dxe5 6. Qxd8+ Kxd8 7. Bg5 Be6 8. 0-0-0+ Bd6 9. Bb5 Kc8 10. Rhe1 h6 11. Bxf6 gxf6 12. Nd5 Bxd5 13. exd5 Nb4 14. a3 c6 15. dxc6 bxc6 16. Rxd6 Kc7 17. Rxf6 cxb5 18. axb4 1-0

[Event "LSS No Engine Cup 25 Preliminary 5"]
[Site "LSS email"]
[Date "2010.07.22"]
[Round "?"]
[White "Jordaan, Wayne"]
[Black "Borgen, Rune"]
[Result "1-0"]
[WhiteElo "1603"]
[BlackElo "726"]
[PlyCount "29"]
[EventDate "2010.07.23"]
[EventType "tourn (corr)"]
[EventRounds "6"]
[EventCountry "GER"]
[SourceTitle "Corr 2015"]
[Source "ChessBase"]
[SourceDate "2015.07.17"]
[SourceVersion "1"]
[SourceVersionDate "2015.07.17"]
[SourceQuality "1"]

1. d4 d5 2. c4 Bf5 3. cxd5 Qxd5 4. Nc3 Qd7 5. e4 Bg6 6. Nf3 e6 7. Ne5 Qe7 8. h4 f6 9. Nxg6 hxg6 10. Qb3 c6 11. Bc4 Nd7 12. Bxe6 Nh6 13. Qxb7 Rd8 14. Qxc6 f5 15. Nb5 1-0

[Event "LSS SN-2010-0-00250"]
[Site "LSS email"]
[Date "2010.05.17"]
[Round "?"]
[White "Borgen, Rune"]
[Black "Smith, Harry E"]
[Result "1-0"]
[WhiteElo "829"]
[BlackElo "508"]
[PlyCount "21"]
[EventDate "2010.05.03"]
[EventType "tourn (corr)"]
[EventRounds "6"]
[EventCountry "GER"]
[SourceTitle "Corr 2013"]
[Source "ChessBase"]
[SourceDate "2012.11.12"]
[SourceVersion "1"]
[SourceVersionDate "2012.11.12"]
[SourceQuality "1"]
[WhiteTeam "US of America"]
[BlackTeam "US of America"]
[WhiteTeamCountry "USA"]
[BlackTeamCountry "USA"]

1. e4 e6 2. d4 d5 3. Nc3 Bb4 4. e5 Ne7 5. Bd2 Bxc3 6. Bxc3 0-0 7. Bd3 Nbc6 8. Nf3 a6 9. Bxh7+ Kxh7 10. Ng5+ Kg8 11. Qh5 1-0

[Event "IECG QN.2004.0.00317 email"]
[Site "IECG email"]
[Date "2004.03.21"]
[Round "?"]
[White "Borgen, Rune"]
[Black "Edwards, David M"]
[Result "0-1"]
[WhiteElo "900"]
[BlackElo "800"]
[PlyCount "76"]
[EventDate "2004.03.21"]
[EventType "tourn (corr)"]
[EventRounds "6"]
[SourceTitle "Corr 2008"]
[Source "ChessBase"]
[SourceDate "2008.06.24"]
[SourceVersion "1"]
[SourceVersionDate "2008.06.24"]
[SourceQuality "1"]

1. e4 g6 2. d4 Nf6 3. e5 Nh5 4. Be2 b6 5. Bf3 Nc6 6. c3 Bb7 7. Bxh5 gxh5 8. Qxh5 Nxd4 9. cxd4 Bxg2 10. Nf3 Bxh1 11. Ng5 Bd5 12. Nc3 Rg8 13. Nxd5 Rxg5 14. Bxg5 c6 15. Ne3 b5 16. 0-0-0 Qa5 17. a3 b4 18. Nc4 Qb5 19. Qe2 bxa3 20. bxa3 d5 21. Rd2 dxc4 22. Rb2 Qd5 23. Qd1 Rd8 24. Be3 Bg7 25. Qg4 c3 26. Re2 Rb8 27. f3 Qb3 28. Qe4 Qxa3+ 29. Kd1 Qa4+ 30. Ke1 Rb2 31. Bc1 Rxe2+ 32. Kxe2 Qc4+ 33. Kd1 c2+ 34. Qxc2 Qxd4+ 35. Bd2 Qg1+ 36. Be1 Qg6 37. Qc3 Qb1+ 38. Ke2 Qb5+ 0-1

[Event "IECG QN.2004.0.00317 email"]
[Site "IECG email"]
[Date "2004.03.21"]
[Round "?"]
[White "Edwards, David M"]
[Black "Borgen, Rune"]
[Result "1-0"]
[WhiteElo "800"]
[BlackElo "900"]
[PlyCount "45"]
[EventDate "2004.03.21"]
[EventType "tourn (corr)"]
[EventRounds "6"]
[SourceTitle "Corr 2008"]
[Source "ChessBase"]
[SourceDate "2008.06.24"]
[SourceVersion "1"]
[SourceVersionDate "2008.06.24"]
[SourceQuality "1"]

1. e4 e5 2. Nc3 Nf6 3. Nf3 Bb4 4. Nxe5 Qe7 5. f4 d6 6. a3 Bxc3 7. dxc3 dxe5 8. Bd3 exf4 9. Qf3 Bf5 10. 0-0 Bxe4 11. Bxe4 Nxe4 12. Bxf4 0-0 13. Rae1 f5 14. Qd3 Nc6 15. Qb5 Rab8 16. Qb3+ Kh8 17. Be3 Qe5 18. Bf4 Qf6 19. Bxc7 Nd2 20. Qb5 Nxf1 21. Bxb8 a6 22. Qxb7 Rxb8 23. Qxb8+ 1-0

[Event "IECG QN.2002.0.00233"]
[Site "IECG email"]
[Date "2002.07.30"]
[Round "?"]
[White "Quantin, Jean Paul"]
[Black "Borgen, Rune"]
[Result "0-1"]
[WhiteElo "800"]
[BlackElo "800"]
[PlyCount "38"]
[EventDate "2002.07.30"]
[EventType "tourn (corr)"]
[EventRounds "6"]
[SourceTitle "Corr 2008"]
[Source "ChessBase"]
[SourceDate "2008.06.24"]
[SourceVersion "1"]
[SourceVersionDate "2008.06.24"]
[SourceQuality "1"]

1. d4 d5 2. Nc3 Nf6 3. Nf3 Bg4 4. Ne5 Nc6 5. f3 Bd7 6. e3 e6 7. e4 Bd6 8. Nxc6 Bxc6 9. a3 dxe4 10. Bg5 Be7 11. fxe4 Nxe4 12. Nxe4 Bxg5 13. Nc3 0-0 14. Bc4 Bxg2 15. Rg1 Bh4+ 16. Ke2 Qg5 17. d5 Qe5+ 18. Kd3 Qf5+ 19. Kd4 Bf2# 0-1